• 首页
  • 本馆介绍
  • 公告通知
  • 最新文献
  • 馆藏检索
  • 电子资源
  • 读者导购
  • 参考咨询
  • 我的图书馆
  • 登录
  • 详细信息显示
  • 放入我的书架
  • 预约/预借图书
  • 作者相关作品
  • 分类相关作品
  • 丛书相关作品
  • 出版社相关作品

书目信息

  • 表格格式
  • 工作单格式
  • 卡片格式
题名:
易卜生社会哲学
    
 
作者: 易卜生 原著 ;袁振英 编译
分册:  
出版信息: 上海   上海社会科学院出版社  2017
页数: 194页
开本: 22cm
丛书名:
单 册:
中图分类: B0
科图分类:
主题词: 社会哲学
电子资源:
ISBN: 978-7-5520-1742-7
000 01097nam0 2200289 450
001 012001003814
005 20140926114741.0
010    @a978-7-5520-1742-7@b精装@dCNY72.00
100    @a20170802e2017 em y0chiy50 ea
101 1  @achi@cnor
102    @aCN@b310000
105    @ay z 000yy
106    @ar
200 1  @a易卜生社会哲学@9yi bu sheng she hui zhe xue@f(挪威)易卜生原著@g袁振英编译
205    @a[影印本]
210    @a上海@c上海社会科学院出版社@d2017
215    @a194页@d22cm
300    @a民国西学要籍汉译文献·哲学(第二辑)/李天纲主编 6
300    @a中国国家图书馆藏
305    @a中华民国十七年七月初版
330    @a在袁振英看来,“易氏所讲的,无非是哲学”,所以易卜生的26部戏剧“统统是一种哲学”。在这种哲学中有一条一以贯之的主线,即如何破坏旧社会以及如何建设新社会的哲学思考。袁振英把这种哲学成为易卜生社会哲学,并认为积极方面与消极方面是易卜生社会哲学的一体两面。
606 0  @a社会哲学
690    @aB0@v5
701  0 @c(挪威)@a易卜生@9yi bu sheng@4原著
702  0 @a袁振英@9yuan zhen ying@4编译
801  0 @aCN@b上海新华@c20180901
905    @b1163601-5@dB0@e313@f5
    
    易卜生社会哲学/(挪威)易卜生原著/袁振英编译.-[影印本].-上海:上海社会科学院出版社,2017
    194页;22cm
    民国西学要籍汉译文献·哲学(第二辑)/李天纲主编 6.-中国国家图书馆藏
    
    ISBN 978-7-5520-1742-7(精装):CNY72.00
    在袁振英看来,“易氏所讲的,无非是哲学”,所以易卜生的26部戏剧“统统是一种哲学”。在这种哲学中有一条一以贯之的主线,即如何破坏旧社会以及如何建设新社会的哲学思考。袁振英把这种哲学成为易卜生社会哲学,并认为积极方面与消极方面是易卜生社会哲学的一体两面。
●
相关链接 在E读中查询图书 在五车中查询图书 在当当中查询图书 在豆瓣中查询图书


正题名:易卜生社会哲学     索取号:B0/313         预约/预借

序号 登录号 条形码 馆藏地/架位号 状态 备注
1 1163601   211636014   第一样本阅览室/ [索取号:B0/313] 在馆    
2 1163602   211636023   第一借阅区/ [索取号:B0/313] 在馆    
3 1163603   211636032   第一借阅区/ [索取号:B0/313] 在馆    
4 1163604   211636041   第一借阅区/ [索取号:B0/313] 在馆    
5 1163605   211636050   第一借阅区/ [索取号:B0/313] 在馆    
唐山师范学院图书馆 欢迎您!
大连网信软件有限公司© 版权所有